Les 6 joueurs avec le plus de top 10 au ballon d'or depuis 1997 - Statistiques

Statistiques générales
  • Ce quiz a été pris 274 fois
  • Le résultat moyen est 4 sur 6
Statistiques - réponses
Nombre de top 10 Date du dernier top 10 Joueur % Correct
14 2021 Cristiano Ronaldo
98%
15 2023 Lionel Messi
98%
7 2006 Zinédine Zidane
74%
6 2017 Neymar
63%
6 2023 Kylian Mbappe
61%
7 2006 Thierry Henry
47%
Aucun quiz correspondant
Distribution des résultats
% des personnes avec chaque résultat
Percentile par nombre de réponses
Votre historique - résultats
Vous n’avez pas pris ce quiz